Becoming national : a reader
Saved in:
| Other Authors: | , |
|---|---|
| Format: | Book |
| Language: | English |
| Published: |
New York :
Oxford University Press,
1996.
|
| Subjects: | |
| Tags: |
Add Tag
No Tags, Be the first to tag this record!
|
MARC
| LEADER | 00000cam a2200000 i 4500 | ||
|---|---|---|---|
| 001 | 1/1184 | ||
| 008 | 000417s1996 nyu| | | |||| ||eng|| | ||
| 020 | |a 0195096614 | ||
| 035 | |l 10059925 | ||
| 040 | |a GR-MyUa |b gre |e AACR2 | ||
| 041 | 0 | |a eng | |
| 082 | 7 | |a 320.54 |2 (22) | |
| 245 | 0 | 0 | |a Becoming national : |b a reader / |c edited by Geoff Eley and Ronald Grigor Suny. |
| 260 | |a New York : |b Oxford University Press, |c 1996. | ||
| 300 | |a 518 σ. ; |c 21 εκ. | ||
| 504 | |a Περιέχει βιβλιογραφία. | ||
| 650 | 0 | 0 | |a Nationalism. |
| 700 | 1 | |a Eley, Geoff, |d 1949- |e edt | |
| 700 | 1 | |a Suny, Ronald Grigor, |e edt | |
| 852 | |a INST |b CHIOS |e 20070827 |h 320.54 BEC |p 005200025599 |q 005200025599 |t BK |y 0 | ||
| 852 | |a INST |b LESVOS |e 20000417 |h 320.54 BEC |p 005100023140 |q 005100023140 |t BK |y 12 | ||
| 852 | |a INST |b LESVOS |e 20180619 |h 320.54 BEC |p 005100061100 |q 005100061100 |t BK |y 0 | ||
| 901 | |a BIBL1-2000-1 | ||
| 901 | |a BIBL2-2007-2 | ||
| 922 | |a 1ΕΛΗ |b 200002 |c ΚΠΣ/ΤΚΑ |d GLORY | ||
| 922 | |a 2ΕΛΗ |b 200707 |c ΕΠΕΑΕΚ2/ΤΔΕ |d ΠΑΠΑΣΩΤΗΡΙΟΥ | ||
| 950 | |a 117-1999-12-15 | ||
| 970 | |a ΤΖΑΦΕΡΗ |b ΕΥΑΓΓΕΛΙΑ |z 2000/04/18 | ||